| Tag |
First Indicator |
Second Indicator |
Subfields |
| LEADER |
00000cam a2200000 4500 |
| 001 |
in00005776314 |
| 005 |
20260327191530.8 |
| 006 |
m o d |
| 007 |
cr |n||||||||| |
| 008 |
251019s2026 xx o 000 0 eng d |
| 040 |
|
|
|a YDX
|b eng
|c YDX
|d N$T
|d OCLCO
|d OPELS
|d OCLCQ
|
| 020 |
|
|
|a 9780443276057
|q (electronic bk.)
|
| 020 |
|
|
|a 0443276056
|q (electronic bk.)
|
| 020 |
|
|
|z 0443276048
|
| 020 |
|
|
|z 9780443276040
|
| 035 |
|
|
|a (OCoLC)1545631043
|
| 050 |
|
4 |
|a RA855.3
|
| 082 |
0 |
4 |
|a 610.285
|2 23
|
| 049 |
|
|
|a TXAM
|
| 245 |
0 |
0 |
|a FUTURE OF INTERNET OF BIO-NANO THINGS IN PERSONALIZED HEALTHCARE.
|
| 260 |
|
|
|a [S.l.] :
|b ELSEVIER ACADEMIC PRESS,
|c 2026.
|
| 300 |
|
|
|a 1 online resource
|
| 336 |
|
|
|a text
|b txt
|2 rdacontent
|
| 337 |
|
|
|a computer
|b c
|2 rdamedia
|
| 338 |
|
|
|a online resource
|b cr
|2 rdacarrier
|
| 650 |
|
0 |
|a Internet of things
|x Medical applications.
|
| 650 |
|
0 |
|a Nanobiotechnology
|x Therapeutic use.
|
| 650 |
|
0 |
|a Nanomedicine.
|
| 650 |
|
2 |
|a Nanomedicine
|
| 650 |
|
6 |
|a Nanobiotechnologie
|x Emploi en thérapeutique.
|
| 650 |
|
6 |
|a Nanomédecine.
|
| 655 |
|
7 |
|a Electronic books.
|2 local
|
| 710 |
2 |
|
|a ScienceDirect (Online service)
|
| 776 |
0 |
8 |
|i Print version:
|z 0443276048
|z 9780443276040
|w (OCoLC)1520910702
|
| 856 |
4 |
0 |
|u http://proxy.library.tamu.edu/login?url=https://www.sciencedirect.com/science/book/9780443276040
|z Connect to the full text of this electronic book
|t 0
|
| 936 |
|
|
|a BATCHLOAD
|
| 955 |
|
|
|a Elsevier ScienceDirect 2026-2027
|
| 994 |
|
|
|a 92
|b TXA
|
| 999 |
f |
f |
|i c92c7093-c99a-4ed0-b0ba-b86c4d50bb7e
|s 02b3e3f1-ec74-405a-8748-4234f06a89cc
|t 0
|
| 952 |
f |
f |
|a Texas A&M University
|b College Station
|c Electronic Resources
|s www_evans
|d Available Online
|t 0
|e RA855.3
|h Library of Congress classification
|
| 998 |
f |
f |
|a RA855.3
|t 0
|l Available Online
|